MARC details
| 000 -CABECERA |
| campo de control de longitud fija |
00835cam a2200229 a 4500 |
| 001 - NÚMERO DE CONTROL |
| campo de control |
000007302 |
| 005 - FECHA Y HORA DE LA ÚLTIMA TRANSACCIÓN |
| campo de control |
20200929154127.0 |
| 008 - DATOS DE LONGITUD FIJA--INFORMACIÓN GENERAL |
| campo de control de longitud fija |
020304s2002 pr a b 001 0bspa |
| 020 ## - NÚMERO INTERNACIONAL ESTÁNDAR DEL LIBRO |
| Número Internacional Estándar del Libro |
1563282038 |
| 040 ## - FUENTE DE LA CATALOGACIÓN |
| Centro catalogador/agencia de origen |
DO-SdBNP |
| Centro/agencia transcriptor |
PBR |
| Centro/agencia modificador |
PL# |
| -- |
PBR |
| -- |
NOC |
| -- |
DLC |
| 082 ## - NÚMERO DE LA CLASIFICACIÓN DECIMAL DEWEY |
| Número de clasificación |
920 |
| Número de documento/Ítem |
H557r |
| 100 1# - ENTRADA PRINCIPAL--NOMBRE DE PERSONA |
| Nombre de persona |
Hernández, Carmen Dolores, |
| Fechas asociadas al nombre |
1942- |
| 9 (RLIN) |
20278 |
| 245 10 - MENCIÓN DE TÍTULO |
| Título |
Ricardo Alegría : |
| Resto del título |
una vida / |
| Mención de responsabilidad, etc. |
Carmen Dolores Hernández. |
| 260 ## - PUBLICACIÓN, DISTRIBUCIÓN, ETC. |
| Lugar de publicación, distribución, etc. |
San Juan, Puerto Rico : |
| Nombre del editor, distribuidor, etc. |
Plaza Mayor, |
| Fecha de publicación, distribución, etc. |
2002. |
| 300 ## - DESCRIPCIÓN FÍSICA |
| Extensión |
xxv, 571 p. : |
| Otras características físicas |
il. ; |
| Dimensiones |
24 cm. |
| 490 1# - MENCIÓN DE SERIE |
| Mención de serie |
Biblioteca de autores de Puerto Rico |
| 504 ## - NOTA DE BIBLIOGRAFÍA, ETC. |
| Nota de bibliografía, etc. |
Incluye referencias bibliográficas (p. 531-560). |
| 600 10 - PUNTO DE ACCESO ADICIONAL DE MATERIA--NOMBRE DE PERSONA |
| Nombre de persona |
ALEGRIA, RICARDO E. |
| Fechas asociadas al nombre |
1921- |
| Subdivisión de forma |
BIOGRAFÍA |
| 9 (RLIN) |
20279 |
| 650 #4 - PUNTO DE ACCESO ADICIONAL DE MATERIA--TÉRMINO DE MATERIA |
| Término de materia o nombre geográfico como elemento de entrada |
Arqueologia |
| Subdivisión geográfica |
Puerto Rico |
| 9 (RLIN) |
20280 |
| 830 #0 - PUNTO DE ACCESO ADICIONAL DE SERIE-TÍTULO UNIFORME |
| Título uniforme |
Biblioteca de autores de Puerto Rico ; |
| 9 (RLIN) |
9722 |
| 910 ## - DATOS DE OPCIÓN DEL USUARIO (OCLC) |
| Datos de opción del usuario |
Catalogación por copia / LC |